000 00475nam a2200193 a 4500
001 1754828150065
003 ACL
005 20250810174736.0
008 250810s1994##################000#0#eng##
020 _a9780349104997
082 0 4 _a959.00421
_bALL
100 1 _aAllen, Charles,
_eauthor.
245 1 0 _aTales from the South China Seas :
260 _bLittle Brown,
_c1994.
300 _a319 pages
650 0 _aBritish.
942 _cENGLISH
040 _aACL
_beng
_cACL
999 _c579902
_d579902